Die teuersten Fußballtransfers - Linksaußen - Statistiken

Allgemein
  • Dieses Quiz wurde 55 mal gespielt
  • Das Durchschnittsergebnis liegt bei 10 aus 10
Antwortstatistiken
Ablöse (M €) Saison Nationalität Abgebender Verein Aufnehmender Verein Spieler % Korrekt
222,00 2017-2018 Brasilien FC Barcelona Paris SG Neymar
100%
90,00 2023-2024 Brasilien Paris SG Al-Hilal Neymar
100%
88,00 2013-2014 Brasilien FC Santos FC Barcelona Neymar
100%
115,00 2019-2020 Belgien FC Chelsea Real Madrid Eden Hazard
98%
85,00 2021-2022 England Borussia Dortmund Manchester Unitwed Jadon Sancho
98%
127,20 2019-2020 Portugal Benfica Atlético Madrid João Félix
98%
117,50 2021-2022 England Aston Villa Manchester City Jack Grealish
96%
70,00 2022-2023 Ukraine Shakhtar D. FC Chelsea Mykhaylo Mudryk
94%
63,70 2015-2016 England FC Liverpool Manchester City Raheem Sterling
86%
60,00 2023-2024 Belgien Stade Rennes Manchester City Jérémy Doku
84%
Keine übereinstimmenden Quizze gefunden
Verteilung der Resultate
Anzahl Personen mit jedem Resultat
Perzentil nach korrekt beantworteten Fragen
Ihre Resultats-Entwicklung
Sie haben dieses Quiz noch nicht gespielt